Datum a čas kvízu
33
Celkem bodů
Celkový počet nahraných bodů na tomto kvízu bez doplňovacích otázek.
3.
Pořadí na kvízu
Konečné umístění týmu na tomto kvízu.
Zaznamenané odpovědi
| # | Otázka | Odpověď | Body | Výsledky |
|---|---|---|---|---|
| 2. | Který významný den jsme mohli... | B | 0 | |
| 3. | Počátkem týdne jsme se dozvědě... | Katy Perry; Justin Trudeau | 0 | |
| 4. | Kim Kardashian minulý týden př... | Jsou chlupaté. | 1 | |
| 5. | Minulý týden se na internetu o... | Manchester United | 0 | |
| 1. | Minulý čtvrtek byl na několik... | Metrouš | 1 | |
| 6. | Asijská poušť Karakum, uprostř... | Turkmenistán | 1 | |
| 7. | Uveďte, kterým čtyřpísmenným p... | vádí | 0 | |
| 8. | Vyberte, se kterým živočichem... | B | 0 | |
| 9. | Vojáci Československého pěšího... | Tobruk | 1 | |
| 10. | Který spisovatel je autorem vě... | Frank Herbert | 1 |